000 01104nam a2200349 c 4500
001 19321
003 ES-MaCES
005 20141221122608.0
008 060901s2006 sp d t 000 | spa d
035 _aCES20060011899m
040 _aES-MaCES
_bspa
_cES-MaCES
245 0 0 _aHacia un nuevo sistema educativo
_b: bases para la mejora de la enseñanza obligatoria
260 _aMadrid
_bCírculo de Empresarios
_c2006
300 _a58 p.
_c30 cm
490 1 _aDocumentos Círculo
504 _aBibliografía: p. 55-58
541 _cGratuito
650 4 _asistema educativo
_927375
650 4 _aenseñanza obligatoria
_927365
650 4 _apolítica educativa
_927373
650 4 _areforma educativa
_927374
650 4 _aEspaña
_926964
650 4 _apaís desarrollado
_927091
650 4 _acomparación
_928892
650 4 _acuadros estadísticos
_928890
653 1 0 _aEducación
710 2 _aCírculo de Empresarios
_eed.
_91954
830 0 _aDocumentos Círculo
_932346
902 _aDOC Literatura gris
942 _2CES
_cBK
_h4.0.
999 _c19321
_d19321